000 00643nam a2200241Ia 4500
003 OSt
005 20221007110052.0
006 a|||||r|||| 00| 0
007 ta
008 221006b |||||||| |||| 00| 0 eng d
024 _a20,294
037 _cTextual
040 _aLCO
_cLCO
_beng
041 _2eng
_aeng
082 _aZ2,122, M7
100 _aDiwan Paras
245 0 _aDowery and Protection to Married Women
260 _aNew
_bDelhi Deep and Deep Publications India
_c1987
300 _a374
650 _aDOWERY AND PROTECTION
_9707088
942 _hZ2,122, M7
_cTEXL
999 _c1189857
_d1189857